| 000 | 00787cab a2200217 4500 | ||
|---|---|---|---|
| 001 | WB3409-42 | ||
| 008 | 090401t1998 xxu||||| |||| 00| 0 eng d | ||
| 035 | _a(Sirsi) u84663 | ||
| 041 | _aeng | ||
| 245 | _aPlanning performance checklist | ||
| 260 | _c1998 | ||
| 350 | _a0 | ||
| 490 |
_aDETR News Release _v127/ENV 27 february 1998, (13) |
||
| 520 | _aThirty two local authorities have significantly improved their performance in the time spent on reaching planning decisions, according to the Planning Performance Checklists for year to end September 1997. Performance data attached. | ||
| 650 | _aLOCAL AUTHORITIES | ||
| 650 | _aPLANNING DECISIONS | ||
| 650 | _aPLANNING PERFORMANCE CHECKLISTS | ||
| 690 | _aPLANNING LAW AND PRACTICE | ||
| 942 | _n0 | ||
| 948 | _c04/03/1998 | ||
| 999 |
_c53230 _d53230 |
||